书目信息 |
| 题名: |
中国现代文学名著文库
|
|
| 作者: | 黄勇 主编 ;徐志摩 著 | |
| 分册: | 下册 徐志摩 | |
| 出版信息: | 汕头 汕头大学出版社 2014 |
|
| 页数: | 151-308页 | |
| 开本: | 23cm | |
| 丛书名: | ||
| 单 册: | ||
| 中图分类: | I216.1 , I226 | |
| 科图分类: | ||
| 主题词: | 中国文学--现代文学--作品集 , 诗集--中国--现代 , 散文集--中国--现代 , 中国文学 , 现代文学 , 诗集 , 散文集 | |
| 电子资源: | ||
| ISBN: | 978-7-5658-1191-3 | |
| 000 | 01283nam0 2200325 45 | |
| 001 | 012001010594 | |
| 005 | 20191202095019.15 | |
| 010 | @a978-7-5658-1191-3@dCNY29.80 | |
| 100 | @a20140727d2014 em y0chiy50 ea | |
| 101 | 0 | @achi |
| 102 | @aCN@b440000 | |
| 105 | @ay z 000zy | |
| 106 | @ar | |
| 200 | 1 | @a中国现代文学名著文库@i徐志摩@h下册@f黄勇主编@g((1897.1~1931.11))徐志摩著@Azhong guo xian dai wen xue ming zhu wen ku |
| 210 | @a汕头@c汕头大学出版社@d2014 | |
| 215 | @a151-308页@d23cm | |
| 330 | @a本系列选取现代文学史上诸位名家的代表作品集纳成册,本书《徐志摩》分为上下两册,收录了诗作《志摩的诗》、《我有一个恋爱》、《沙扬娜拉十八首》、《康桥再会罢》、《恋爱到底是什么一回事》、《翡冷翠的一夜》,散文《我所知道的康桥》、《翡冷翠山居闲话》等多篇代表性的作品。以作家为主线,作品不拘体裁,展现出徐志摩在不同时期的创作状态和各期特色。 | |
| 606 | 0 | @a中国文学@x现代文学@x作品集 |
| 606 | 0 | @a诗集@y中国@z现代 |
| 606 | 0 | @a散文集@y中国@z现代 |
| 606 | 0 | @a中国文学 |
| 606 | 0 | @a现代文学 |
| 606 | 0 | @a诗集 |
| 606 | 0 | @a散文集 |
| 690 | @aI216.1@v5 | |
| 690 | @aI226@v5 | |
| 701 | 0 | @a黄勇@Ahuang yong@c(编辑,@f1972~)@4主编 |
| 702 | 0 | @a徐志摩@Axu zhi mo@f(1897.1~1931.11)@4著 |
| 801 | 0 | @aCN@b上海新华@c20191020 |
| 905 | @b1182066-7@dI216.1@e1005:2@f2 | |
| 中国现代文学名著文库.徐志摩.下册/黄勇主编/((1897.1~1931.11))徐志摩著.-汕头:汕头大学出版社,2014 |
| 151-308页;23cm |
| ISBN 978-7-5658-1191-3:CNY29.80 |
| 本系列选取现代文学史上诸位名家的代表作品集纳成册,本书《徐志摩》分为上下两册,收录了诗作《志摩的诗》、《我有一个恋爱》、《沙扬娜拉十八首》、《康桥再会罢》、《恋爱到底是什么一回事》、《翡冷翠的一夜》,散文《我所知道的康桥》、《翡冷翠山居闲话》等多篇代表性的作品。以作家为主线,作品不拘体裁,展现出徐志摩在不同时期的创作状态和各期特色。 |
| ● |
| 相关链接 |
|
|
|
|
正题名:中国现代文学名著文库
索取号:I216.1/1005:2
 
预约/预借
| 序号 | 登录号 | 条形码 | 馆藏地/架位号 | 状态 | 备注 |
| 1 | 1182066 | 211820662 | 第一样本阅览室/ [索取号:I216.1/1005:2] | 在馆 | |
| 2 | 1182067 | 211820671 | 第二借阅区/ [索取号:I216.1/1005:2] | 在馆 |